| 000 | 00651cam a2200145 4500500 | ||
|---|---|---|---|
| 005 | 20260208002439.0 | ||
| 041 | _afre | ||
| 042 | _adc | ||
| 100 | 1 | 0 |
_aMasset, Claude _eauthor |
| 245 | 0 | 0 | _aKazunobu Ikeya, Hidefumi Ogawa & Peter Mitchell, eds, Interactions Between Hunter-Gatherers and Farmers from Prehistory to Present. Osaka, National Museum of Ethnology, 2009. 280 p., bibl., index, fig. (« Senri Ethnological Studies » 73) |
| 260 | _c2011. | ||
| 500 | _a12 | ||
| 786 | 0 | _nL'Homme | 197 | 1 | 2011-01-01 | p. 163s-226s | 0439-4216 | |
| 856 | 4 | 1 | _uhttps://shs.cairn.info/revue-l-homme-2011-1-page-163s?lang=fr&redirect-ssocas=7080 |
| 999 |
_c1646394 _d1646394 |
||